Statistics for Empires by Maps

Click here to take the quiz!

General Stats

  • This quiz has been taken 2,133 times
  • The average score is 13 of 15

Answer Stats

Answer% Correct
{British} Empire
98%
{Roman} Empire
97%
{Spanish} Empire
96%
{Mongol} Empire
95%
{French} Empire
94%
{Portuguese} Empire
94%
{Ottoman} Empire
92%
{Mexican} Empire
91%
{Italian} Empire
91%
{Japanese} Empire
90%
{Russian} Empire
88%
{Inca} Empire
83%
{Persian} Empire
78%
{Austro-Hungarian} Empire
75%
{Mali} Empire
63%

Score Distribution

Percentile by Number Answered

Percent of People with Each Score

Your Score History

You have not taken this quiz